UBT Library

U.S. labor in the twentieth century : (Record no. 43579)

000 -LEADER
fixed length control field 00910cam a22002654a 4500
001 - CONTROL NUMBER
control field 12009779
005 - DATE AND TIME OF LATEST TRANSACTION
control field 20180227054044.0
008 - FIXED-LENGTH DATA ELEMENTS--GENERAL INFORMATION
fixed length control field 000516s2000 nyu b 000 0 eng
010 ## - LIBRARY OF CONGRESS CONTROL NUMBER
LC control number 00040723
020 ## - INTERNATIONAL STANDARD BOOK NUMBER
International Standard Book Number 1573928658 (paper : alk. paper)
040 ## - CATALOGING SOURCE
Original cataloging agency DLC
Transcribing agency DLC
Modifying agency DLC
041 ## - LANGUAGE CODE
Language code of text/sound track or separate title eng
042 ## - AUTHENTICATION CODE
Authentication code pcc
043 ## - GEOGRAPHIC AREA CODE
Geographic area code n-us---
080 ## - UNIVERSAL DECIMAL CLASSIFICATION NUMBER
Universal Decimal Classification number 331.09730904 HIN
082 00 - DEWEY DECIMAL CLASSIFICATION NUMBER
Classification number 331.09730904 HIN
Edition number 21
100 ## - Rafti
Rafti 16
101 ## - Shkurtesa
Shkurtesa HIS
245 00 - TITLE STATEMENT
Title U.S. labor in the twentieth century :
Statement of responsibility, etc edited by John Hinshaw and Paul Le Blanc.
246 3# - VARYING FORM OF TITLE
Title proper/short title United States labor in the twentieth century
504 ## - BIBLIOGRAPHY, ETC. NOTE
Bibliography, etc Includes bibliographical references.
906 ## - LOCAL DATA ELEMENT F, LDF (RLIN)
a 7
b cbc
c orignew
d 1
e ocip
f 20
g y-gencatlg
942 ## - ADDED ENTRY ELEMENTS (KOHA)
Source of classification or shelving scheme
Item type Books
Holdings
Withdrawn status Lost status Source of classification or shelving scheme Damaged status Not for loan Collection code Permanent location Current location Shelving location Date acquired Total Checkouts Full call number Barcode Date last seen Price effective from Koha item type
          Koleksioni i përgjithshem UBT - Lipjan UBT - Lipjan Koleksioni i përgjithshem 02/27/2018   331.09730904 HIN 002-3000230 02/27/2018 02/27/2018 Books
UBT Library © 2015-2024. All rights reserved University Education for Business and Technology